[Event "XXVIII Balaton GM2"]
[Site "Heviz HUN"]
[Date "2010.06.22"]
[Round "4"]
[White "Vajda, Le"]
[Black "Hoelzl, F."]
[Result "1-0"]
[WhiteElo "2519"]
[BlackElo "2325"]
[PlyCount "55"]
[EventDate "2010.06.19"]

1. e4 c5 2. c3 d5 3. exd5 Qxd5 4. d4 e6 5. Nf3 Nf6 6. Be3 Nbd7 7. Be2 cxd4 8.
cxd4 Qa5+ 9. Nc3 Nd5 10. O-O Be7 11. Bd2 O-O 12. Bd3 Nxc3 13. bxc3 Qh5 14. Re1
Bd6 15. Rb1 a6 16. c4 b6 17. Re4 Bb7 18. d5 Qg6 19. Re3 Qf6 20. Ng5 g6 21. Rh3
exd5 22. Nxh7 Qe5 23. Nxf8 Rxf8 24. Bf1 d4 25. Qg4 Nf6 26. Qh4 Nh5 27. Re1 Qc5
28. g4 1-0

[Event "XXVIII Balaton GM2"]
[Site "Heviz HUN"]
[Date "2010.06.22"]
[Round "4"]
[White "Czebe, A."]
[Black "Horvath, Ad1"]
[Result "1/2-1/2"]
[WhiteElo "2480"]
[BlackElo "2494"]
[PlyCount "77"]
[EventDate "2010.06.19"]

1. e4 e5 2. Nf3 Nc6 3. Bb5 Nf6 4. O-O Nxe4 5. Re1 Nd6 6. Nxe5 Nxe5 7. Rxe5+ Be7
8. Bf1 O-O 9. d4 Bf6 10. Re1 Nf5 11. c3 d5 12. Bd3 c6 13. Nd2 Nh4 14. h3 Re8
15. Rxe8+ Qxe8 16. Nf3 Bf5 17. Nxh4 Bxd3 18. Qxd3 Qe1+ 19. Qf1 Qxf1+ 20. Kxf1
Bxh4 21. Bf4 Re8 22. Re1 Kf8 23. Bd6+ Be7 24. Bxe7+ Rxe7 25. Re2 h6 26. Ke1
Rxe2+ 27. Kxe2 Ke7 28. Ke3 Ke6 29. Kf4 g6 30. h4 f5 31. f3 Kf6 32. g4 g5+ 33.
hxg5+ hxg5+ 34. Kg3 f4+ 35. Kf2 a5 36. Ke2 Ke6 37. Kd3 b5 38. b4 a4 39. a3
1/2-1/2

[Event "XXVIII Balaton GM2"]
[Site "Heviz HUN"]
[Date "2010.06.22"]
[Round "4"]
[White "Meszaros, T."]
[Black "Varga, Zo"]
[Result "1/2-1/2"]
[WhiteElo "2434"]
[BlackElo "2479"]
[PlyCount "70"]
[EventDate "2010.06.19"]

1. e4 e6 2. d4 d5 3. Nc3 dxe4 4. Nxe4 Nd7 5. Nf3 Ngf6 6. Nxf6+ Nxf6 7. g3 b6 8.
Bb5+ Bd7 9. Be2 Bc6 10. O-O Bd6 11. Ne5 Bxe5 12. dxe5 Qxd1 13. Rxd1 Nd7 14. f4
O-O-O 15. Be3 Nb8 16. Kf2 Be4 17. c3 Rxd1 18. Rxd1 Rd8 19. b4 Rxd1 20. Bxd1 Nc6
21. Bf3 Bxf3 22. Kxf3 h5 23. h3 Kd7 24. g4 hxg4+ 25. hxg4 b5 26. Ke4 a5 27. Bc5
axb4 28. cxb4 Ke8 29. a3 Nb8 30. Kd3 Nc6 31. Ke4 Nb8 32. f5 g6 33. f6 Nc6 34.
Bd4 Kd7 35. Bc5 Ke8 1/2-1/2

[Event "XXVIII Balaton GM2"]
[Site "Heviz HUN"]
[Date "2010.06.22"]
[Round "4"]
[White "Paschall, W."]
[Black "Bokros, A."]
[Result "1/2-1/2"]
[WhiteElo "2397"]
[BlackElo "2486"]
[PlyCount "75"]
[EventDate "2010.06.19"]

1. Nf3 c5 2. c4 Nc6 3. e3 e5 4. Nc3 Nf6 5. d4 exd4 6. exd4 d5 7. Be3 cxd4 8.
Nxd4 Be7 9. Nxc6 bxc6 10. cxd5 cxd5 11. Bb5+ Bd7 12. Bxd7+ Qxd7 13. O-O O-O 14.
Qd3 Rfd8 15. Rad1 Qb7 16. Qb5 Rab8 17. Qxb7 Rxb7 18. b3 Rbd7 19. Nb5 a6 20. Nd4
Rc8 21. Rc1 Rdc7 22. Rxc7 Rxc7 23. Rc1 Rxc1+ 24. Bxc1 Bc5 25. Bb2 Ne4 26. Kf1
g6 27. f3 Nd6 28. Ke2 Kf8 29. Kd3 Ke7 30. Nc6+ Ke6 31. Nb8 a5 32. Nc6 Bb6 33.
a4 Nb7 34. Nd4+ Kd7 35. Ba3 Bc7 36. h3 Bd6 37. Bc1 Bb4 38. Be3 1/2-1/2

[Event "XXVIII Balaton GM2"]
[Site "Heviz HUN"]
[Date "2010.06.22"]
[Round "4"]
[White "Balog, I1."]
[Black "Nadig, K."]
[Result "1-0"]
[WhiteElo "2494"]
[BlackElo "2236"]
[PlyCount "113"]
[EventDate "2010.06.19"]

1. d4 Nf6 2. c4 g6 3. g3 Bg7 4. Bg2 d5 5. cxd5 Nxd5 6. Nf3 O-O 7. O-O Nb6 8.
Nc3 Nc6 9. e3 Re8 10. Re1 Bd7 11. Qe2 a5 12. Bd2 a4 13. Rad1 Qc8 14. Ng5 e5 15.
d5 Na5 16. Nge4 f5 17. Nc5 Nac4 18. b3 Nxd2 19. Qxd2 axb3 20. axb3 e4 21. Ne2
c6 22. dxc6 Bxc6 23. Nf4 Re5 24. Rc1 Qf8 25. Nce6 Qe7 26. Nxg7 Kxg7 27. Qd4 Nd7
28. h4 Kh6 29. Bf1 Rc5 30. Kg2 Rxc1 31. Rxc1 Ne5 32. Nh3 Rd8 33. Qa1 Nd3 34.
Rd1 Qg7 35. Qb1 Qc3 36. Kg1 Rd7 37. Ng5 Bd5 38. Bxd3 Bxb3 39. Rc1 Qxd3 40. Qa1
Qd5 41. Qa3 Qg8 42. Qb4 Bd5 43. Rd1 Bc6 44. Rxd7 Bxd7 45. Qxb7 Qg7 46. Kg2 Qe7
47. Qc7 Kg7 48. Nh3 Qe6 49. Nf4 Qc6 50. Qd8 Be8 51. Qe7+ Bf7 52. h5 gxh5 53.
Nxh5+ Kg6 54. Qe5 Qd7 55. Nf4+ Kh6 56. Qf6+ Bg6 57. Ne6 1-0

[Event "XXVIII Balaton GM2"]
[Site "Heviz HUN"]
[Date "2010.06.23"]
[Round "5"]
[White "Nadig, K."]
[Black "Vajda, Le"]
[Result "0-1"]
[WhiteElo "2236"]
[BlackElo "2519"]
[PlyCount "82"]
[EventDate "2010.06.19"]

1. Nf3 Nf6 2. g3 g6 3. d4 Bg7 4. Bg2 d6 5. c4 O-O 6. O-O Nbd7 7. Nc3 e5 8. h3
exd4 9. Nxd4 a6 10. e4 Rb8 11. a4 Re8 12. Be3 Ne5 13. b3 Nc6 14. Ra2 Bd7 15.
Rd2 Qc8 16. Kh2 Re5 17. f4 Re8 18. f5 gxf5 19. Rdf2 Re5 20. Nxc6 bxc6 21. Bd4
Re8 22. exf5 Qd8 23. Rf4 c5 24. Bxf6 Bxf6 25. Nd5 Re5 26. Qh5 c6 27. Nc3 Qe7
28. Ne4 d5 29. Rg4+ Kh8 30. Nxf6 Qxf6 31. Rh4 Bxf5 32. Qxh7+ Bxh7 33. Rxf6 Kg7
34. Rxc6 d4 35. Rg4+ Bg6 36. Rd6 Rxb3 37. Bf1 Re1 38. Rf4 Rb2+ 39. Kg1 Bd3 40.
Rdf6 Bxc4 41. R6f5 Rbb1 0-1

[Event "XXVIII Balaton GM2"]
[Site "Heviz HUN"]
[Date "2010.06.23"]
[Round "5"]
[White "Bokros, A."]
[Black "Balog, I1."]
[Result "1-0"]
[WhiteElo "2486"]
[BlackElo "2494"]
[PlyCount "53"]
[EventDate "2010.06.19"]

1. e4 e6 2. d4 d5 3. Nc3 Nf6 4. e5 Nfd7 5. f4 c5 6. Nf3 Nc6 7. Be3 Be7 8. Qd2
O-O 9. dxc5 Nxc5 10. Bd3 Nxd3+ 11. Qxd3 Bd7 12. Ne2 Nb4 13. Qd2 Na6 14. O-O Nc5
15. Ned4 b5 16. Rad1 a5 17. g4 Qc8 18. Qg2 b4 19. f5 Na4 20. Ng5 Qc7 21. f6
Qxe5 22. Qh3 h6 23. fxe7 Rfe8 24. Nxf7 Qc7 25. Bf4 Qc5 26. Bd6 Qb6 27. Nxh6+
1-0

[Event "XXVIII Balaton GM2"]
[Site "Heviz HUN"]
[Date "2010.06.23"]
[Round "5"]
[White "Varga, Zo"]
[Black "Paschall, W."]
[Result "1/2-1/2"]
[WhiteElo "2479"]
[BlackElo "2397"]
[PlyCount "49"]
[EventDate "2010.06.19"]

1. e4 c5 2. Nf3 Nc6 3. d4 cxd4 4. Nxd4 Nf6 5. Nc3 d6 6. Bg5 Bd7 7. Qd2 Rc8 8.
f3 a6 9. O-O-O Nxd4 10. Qxd4 Qa5 11. Bxf6 gxf6 12. Kb1 Qc5 13. Qd2 e6 14. Bd3
Be7 15. f4 h5 16. f5 Rc7 17. fxe6 fxe6 18. Ne2 Qg5 19. Nf4 h4 20. Qf2 Kd8 21.
c3 Qc5 22. Qd2 Qg5 23. Qf2 Qc5 24. Qd2 Qg5 25. Qf2 1/2-1/2

[Event "XXVIII Balaton GM2"]
[Site "Heviz HUN"]
[Date "2010.06.23"]
[Round "5"]
[White "Horvath, Ad1"]
[Black "Meszaros, T."]
[Result "1/2-1/2"]
[WhiteElo "2494"]
[BlackElo "2434"]
[PlyCount "64"]
[EventDate "2010.06.19"]

1. e4 e5 2. Nf3 Nc6 3. Bb5 a6 4. Ba4 Nf6 5. O-O Nxe4 6. d4 b5 7. Bb3 d5 8. dxe5
Be6 9. Nbd2 Be7 10. c3 O-O 11. Bc2 f5 12. Nb3 Qd7 13. Nbd4 Nxd4 14. Nxd4 c5 15.
Nxe6 Qxe6 16. f3 Ng5 17. Bxg5 Bxg5 18. f4 Be7 19. a4 g6 20. Kh1 c4 21. axb5
axb5 22. Qd4 b4 23. b3 bxc3 24. bxc4 dxc4 25. Qxc3 Rxa1 26. Rxa1 Rc8 27. h3 Qb6
28. Rb1 Qf2 29. Bd3 Qxf4 30. Rf1 Qh4 31. Rc1 Kg7 32. Bxc4 Qe4 1/2-1/2

[Event "XXVIII Balaton GM2"]
[Site "Heviz HUN"]
[Date "2010.06.23"]
[Round "5"]
[White "Hoelzl, F."]
[Black "Czebe, A."]
[Result "0-1"]
[WhiteElo "2325"]
[BlackElo "2480"]
[PlyCount "143"]
[EventDate "2010.06.19"]

1. Nf3 d6 2. d4 Nf6 3. c4 g6 4. Nc3 Bf5 5. g3 Ne4 6. Nd5 c6 7. Ne3 Qa5+ 8. Nd2
Bg7 9. Nxf5 Qxf5 10. f3 Nxd2 11. Qxd2 e5 12. dxe5 dxe5 13. Qb4 b6 14. Be3 Nd7
15. Bg2 a5 16. Qd6 Rc8 17. g4 Qf6 18. Qxf6 Bxf6 19. g5 Be7 20. Bh3 Rc7 21.
O-O-O Nc5 22. Bg4 h5 23. Bh3 O-O 24. Kc2 Rb8 25. f4 Ne4 26. Rd7 Rxd7 27. Bxd7
Bc5 28. Bc1 Nf2 29. Rf1 e4 30. e3 Nd3 31. Bd2 b5 32. Bxc6 bxc4 33. Bc3 Bxe3 34.
Bxe4 Nb4+ 35. Bxb4 axb4 36. Rf3 Bd4 37. Bd5 c3 38. bxc3 bxc3 39. Bb3 Re8 40.
Kd3 Bg7 41. f5 Rd8+ 42. Ke3 gxf5 43. Rxf5 Re8+ 44. Kf3 Kh7 45. Rxf7 Kg6 46. Rd7
Rf8+ 47. Kg2 Be5 48. Rd5 Kf5 49. g6 Ke4 50. Rd7 Rg8 51. Kh3 Rc8 52. Bc2+ Kf4
53. Rf7+ Ke3 54. Kh4 Rd8 55. Kg5 Rd2 56. Re7 Rxc2 57. Rxe5+ Kd4 58. Re1 Rxh2
59. Rd1+ Ke4 60. Rd8 c2 61. Rc8 Kd3 62. g7 Rg2+ 63. Kf6 h4 64. Rd8+ Kc3 65.
Rc8+ Kb2 66. Rb8+ Kxa2 67. Rc8 Kb2 68. Rb8+ Kc1 69. g8=Q Rxg8 70. Rxg8 h3 71.
Ke5 h2 72. Rh8 0-1

[Event "XXVIII Balaton GM2"]
[Site "Heviz HUN"]
[Date "2010.06.24"]
[Round "6"]
[White "Vajda, Le"]
[Black "Czebe, A."]
[Result "1/2-1/2"]
[WhiteElo "2519"]
[BlackElo "2480"]
[PlyCount "61"]
[EventDate "2010.06.19"]

1. e4 e5 2. Nf3 Nf6 3. d3 Nc6 4. Be2 Bc5 5. O-O d5 6. Nbd2 O-O 7. c3 a5 8. Qc2
Re8 9. b3 Bg4 10. h3 Bxf3 11. Nxf3 d4 12. cxd4 Nxd4 13. Nxd4 Bxd4 14. Rb1 h6
15. Kh2 Ra6 16. Bd2 Rc6 17. Qd1 b6 18. Rc1 Qd6 19. Rxc6 Qxc6 20. Qc1 Qxc1 21.
Rxc1 c5 22. Kg1 Nd7 23. a4 Nb8 24. Kf1 Nc6 25. h4 Rd8 26. Rc2 Nb4 27. Bxb4 axb4
28. Bg4 Kf8 29. Ke2 Ke7 30. Rc1 g6 31. h5 1/2-1/2

[Event "XXVIII Balaton GM2"]
[Site "Heviz HUN"]
[Date "2010.06.24"]
[Round "6"]
[White "Meszaros, T."]
[Black "Hoelzl, F."]
[Result "1/2-1/2"]
[WhiteElo "2434"]
[BlackElo "2325"]
[PlyCount "60"]
[EventDate "2010.06.19"]

1. e4 c5 2. Nf3 d6 3. d4 cxd4 4. Nxd4 Nf6 5. Nc3 a6 6. Be2 Nbd7 7. O-O e6 8. a4
b6 9. f4 Bb7 10. Bf3 Rc8 11. Qe2 Rc5 12. Re1 Qc7 13. Nd5 exd5 14. exd5+ Kd8 15.
Nc6+ Bxc6 16. dxc6 Rxc6 17. Bxc6 Qxc6 18. Qxa6 d5 19. Be3 Bc5 20. Bxc5 Qxc5+
21. Kh1 Ne4 22. Qa8+ Kc7 23. Qa7+ Kd6 24. g3 Qa5 25. Qxa5 bxa5 26. c4 Nf2+ 27.
Kg2 Nd3 28. Re3 dxc4 29. b3 Rb8 30. bxc4 Rb2+ 1/2-1/2

[Event "XXVIII Balaton GM2"]
[Site "Heviz HUN"]
[Date "2010.06.24"]
[Round "6"]
[White "Paschall, W."]
[Black "Horvath, Ad1"]
[Result "0-1"]
[WhiteElo "2397"]
[BlackElo "2494"]
[PlyCount "114"]
[EventDate "2010.06.19"]

1. Nf3 c5 2. c4 Nc6 3. e3 Nf6 4. Nc3 e5 5. d4 cxd4 6. exd4 e4 7. Ne5 Bb4 8. Be2
Qa5 9. Nxc6 dxc6 10. O-O O-O 11. Qc2 Re8 12. Bf4 Qf5 13. Bg3 Qg6 14. a3 Bxc3
15. Qxc3 Bg4 16. Rfe1 Bxe2 17. Rxe2 Nh5 18. Rae1 f5 19. Qe3 Qf7 20. Be5 Qxc4
21. g4 fxg4 22. Qg5 Qf7 23. Qxg4 Re6 24. Qxe4 Rae8 25. b4 Rf6 26. Qh4 Rg6+ 27.
Bg3 Rf8 28. Qe7 Qf3 29. Qxf8+ Kxf8 30. Re8+ Kf7 31. R1e7+ Kf6 32. Rf8+ Kxe7 33.
Rxf3 Rg4 34. Re3+ Kd7 35. Rd3 Ke6 36. Re3+ Kd7 37. Rd3 Nxg3 38. fxg3 Kd6 39.
Rf3 Ke6 40. Re3+ Kd6 41. Rf3 b5 42. Rf7 a5 43. bxa5 Rxd4 44. Rxg7 Ra4 45. Rxh7
Rxa3 46. Kf2 Rxa5 47. h4 b4 48. Rb7 c5 49. h5 Ra8 50. Ke3 Kc6 51. Rf7 Rd8 52.
g4 b3 53. Rf6+ Kb5 54. Rf7 c4 55. Rb7+ Ka4 56. Ra7+ Kb4 57. Rb7+ Ka3 0-1

[Event "XXVIII Balaton GM2"]
[Site "Heviz HUN"]
[Date "2010.06.25"]
[Round "7"]
[White "Varga, Zo"]
[Black "Nadig, K."]
[Result "1/2-1/2"]
[WhiteElo "2479"]
[BlackElo "2236"]
[PlyCount "68"]
[EventDate "2010.06.19"]

1. e4 c5 2. Nf3 d6 3. d4 cxd4 4. Nxd4 Nf6 5. f3 e5 6. Bb5+ Nbd7 7. Nf5 d5 8.
exd5 a6 9. Ba4 b5 10. Bb3 Nc5 11. Ne3 Nxb3 12. axb3 Bc5 13. Nc3 Bb7 14. Qd3 O-O
15. Ne4 Bxe3 16. Bxe3 Qxd5 17. Nxf6+ gxf6 18. Qxd5 Bxd5 19. O-O-O Be6 20. b4 a5
21. bxa5 Rxa5 22. Kd2 Ra2 23. Bc5 Rd8+ 24. Kc3 Rc8 25. b4 Bf5 26. Rc1 Rca8 27.
Rhd1 R8a3+ 28. Kd2 Rd3+ 29. Ke1 Rc3 30. Rd8+ Kg7 31. Bf8+ Kg6 32. Be7 Kg7 33.
Bf8+ Kg6 34. Be7 Kg7 1/2-1/2

[Event "XXVIII Balaton GM2"]
[Site "Heviz HUN"]
[Date "2010.06.25"]
[Round "7"]
[White "Horvath, Ad1"]
[Black "Balog, I1."]
[Result "1/2-1/2"]
[WhiteElo "2494"]
[BlackElo "2494"]
[PlyCount "142"]
[EventDate "2010.06.19"]

1. e4 e6 2. d4 d5 3. Nc3 Nf6 4. Bg5 dxe4 5. Nxe4 Nbd7 6. Nf3 h6 7. Nxf6+ Nxf6
8. Bxf6 Qxf6 9. Bb5+ c6 10. Bd3 Bd6 11. Qe2 Bd7 12. O-O O-O-O 13. b4 g5 14. c4
Be8 15. b5 g4 16. Ne5 c5 17. Be4 Qe7 18. dxc5 Bxc5 19. Rad1 h5 20. Rxd8+ Qxd8
21. Rd1 Qc7 22. Qb2 Rg8 23. Nd3 Be7 24. c5 f5 25. b6 axb6 26. cxb6 Qd6 27. Qc3+
Kb8 28. Nb2 Qxb6 29. Qe5+ Qc7 30. Qxe6 Rf8 31. Bxf5 Bf7 32. Qe4 Rd8 33. Re1 Bf6
34. Nd3 Qa5 35. Rb1 Bd5 36. Qf4+ Qc7 37. Qh6 Bxa2 38. Rc1 Qd6 39. Qxh5 Rh8 40.
Qxg4 Qxh2+ 41. Kf1 Bd5 42. Qg6 Qh4 43. Re1 Ka7 44. Bh3 Bc4 45. Kg1 Rg8 46. Qf5
Rg5 47. Qf3 Bd5 48. Qe3+ Bd4 49. Ra1+ Kb6 50. Rb1+ Ka7 51. Qf4 Qxf4 52. Nxf4
Ba2 53. Rd1 Bc3 54. Ne2 Bh8 55. f4 Rb5 56. Rd8 Bf6 57. Rd6 Be7 58. Rd7 Bc5+ 59.
Kh2 Bc4 60. Nc3 Rb3 61. Ne4 Be3 62. f5 Bf4+ 63. g3 Rb2+ 64. Bg2 Bf1 65. gxf4
Rxg2+ 66. Kh1 Rg4 67. Nd6 Bg2+ 68. Kh2 Bc6 69. Re7 Rxf4 70. Kg3 Rd4 71. Re6 Bd7
1/2-1/2

[Event "XXVIII Balaton GM2"]
[Site "Heviz HUN"]
[Date "2010.06.25"]
[Round "7"]
[White "Hoelzl, F."]
[Black "Paschall, W."]
[Result "1/2-1/2"]
[WhiteElo "2325"]
[BlackElo "2397"]
[PlyCount "21"]
[EventDate "2010.06.19"]

1. c4 c5 2. Nf3 Nc6 3. Nc3 g6 4. g3 Bg7 5. Bg2 e6 6. O-O Nge7 7. e3 d5 8. cxd5
Nxd5 9. d4 cxd4 10. Nxd4 Nxd4 11. Nxd5 1/2-1/2

[Event "XXVIII Balaton GM2"]
[Site "Heviz HUN"]
[Date "2010.06.26"]
[Round "8"]
[White "Vajda, Le"]
[Black "Meszaros, T."]
[Result "1/2-1/2"]
[WhiteElo "2519"]
[BlackElo "2434"]
[PlyCount "41"]
[EventDate "2010.06.19"]

1. e4 e5 2. Nf3 Nc6 3. Bc4 Nf6 4. d3 Bc5 5. O-O a6 6. c3 Ba7 7. Bb3 d6 8. Nbd2
O-O 9. h3 h6 10. Re1 Nh5 11. Nf1 Qf6 12. Ne3 Nf4 13. Nd5 Nxd5 14. Bxd5 Ne7 15.
Bb3 Qg6 16. Kf1 Kh8 17. Nh4 Qf6 18. Nf3 Qg6 19. Nh4 Qf6 20. Nf3 Qg6 21. Nh4
1/2-1/2

[Event "XXVIII Balaton GM2"]
[Site "Heviz HUN"]
[Date "2010.06.26"]
[Round "8"]
[White "Paschall, W."]
[Black "Czebe, A."]
[Result "1/2-1/2"]
[WhiteElo "2397"]
[BlackElo "2480"]
[PlyCount "82"]
[EventDate "2010.06.19"]

1. g3 c5 2. c4 Nf6 3. Nc3 d5 4. cxd5 Nxd5 5. Bg2 Nc7 6. d3 Nc6 7. Bxc6+ bxc6 8.
Qa4 e5 9. Nf3 f6 10. Qxc6+ Bd7 11. Qe4 Rb8 12. O-O Bd6 13. Nd2 O-O 14. Nc4 f5
15. Qg2 Be6 16. Qc6 Bxc4 17. dxc4 Rb6 18. Qg2 e4 19. f3 exf3 20. Qxf3 Be5 21.
Bf4 Bxf4 22. Qxf4 Rxb2 23. Rad1 Qe7 24. e4 Rc2 25. Rc1 Rxc1 26. Qxc1 fxe4 27.
Rxf8+ Qxf8 28. Nxe4 Ne6 29. Qe3 h6 30. Kg2 Qf5 31. Nd6 Qf6 32. Qf3 Qb2+ 33. Qf2
Qe5 34. Qf7+ Kh7 35. Qf5+ Qxf5 36. Nxf5 Kg6 37. Ne7+ Kf6 38. Nc6 a6 39. Kf3
Ng5+ 40. Ke3 Ke6 41. Nd8+ Kd7 1/2-1/2

[Event "XXVIII Balaton GM2"]
[Site "Heviz HUN"]
[Date "2010.06.26"]
[Round "8"]
[White "Balog, I1."]
[Black "Hoelzl, F."]
[Result "1/2-1/2"]
[WhiteElo "2494"]
[BlackElo "2325"]
[PlyCount "171"]
[EventDate "2010.06.19"]

1. c4 e6 2. Nf3 d5 3. b3 c5 4. Bb2 d4 5. g3 Nc6 6. Bg2 g6 7. O-O Bg7 8. a3 a5
9. e3 Nge7 10. exd4 O-O 11. Nc3 Nxd4 12. Rb1 b6 13. Ne4 Rb8 14. b4 f5 15. Neg5
h6 16. Nxd4 cxd4 17. Nf3 axb4 18. axb4 g5 19. Re1 Ng6 20. d3 g4 21. Nd2 h5 22.
c5 bxc5 23. bxc5 e5 24. Qa4 Qc7 25. Ba3 Rxb1 26. Rxb1 e4 27. dxe4 f4 28. Nc4 h4
29. c6 hxg3 30. fxg3 Rd8 31. Qa5 Qxa5 32. Nxa5 Be5 33. gxf4 Bxf4 34. Bf1 d3 35.
Nb7 Bxb7 36. cxb7 Kf7 37. Bc5 Ne5 38. Kg2 Rh8 39. Bg1 Nf3 40. Bxd3 Nxg1 41.
Kxg1 Bxh2+ 42. Kg2 Be5 43. Rb5 Kf6 44. Be2 Rh2+ 45. Kf1 Rh1+ 46. Kf2 g3+ 47.
Kf3 Rh8 48. Bf1 Bb8 49. Bg2 Rh7 50. Rb6+ Ke5 51. Kxg3 Kd4+ 52. Kf2 Rc7 53. Bf3
Rc2+ 54. Kf1 Rc3 55. Kg2 Ke3 56. Rb2 Kf4 57. Rf2 Rc7 58. Bh5+ Ke3 59. e5 Rxb7
60. e6 Rg7+ 61. Kf1 Bd6 62. Bf7 Kd4 63. Rf5 Rh7 64. Ke2 Ke4 65. Rb5 Rh2+ 66.
Kd1 Rh1+ 67. Kc2 Rh2+ 68. Kb3 Rh1 69. Rg5 Be7 70. Ra5 Rb1+ 71. Kc2 Rb7 72. Rh5
Kd4 73. Be8 Ra7 74. Bd7 Ra2+ 75. Kb3 Re2 76. Ka4 Re5 77. Rh7 Bd6 78. Rh1 Be7
79. Rd1+ Ke4 80. Rf1 Kd5 81. Kb5 Kd6+ 82. Kb6 Rd5 83. Kb7 Rd2 84. Rb1 Bf6 85.
Rh1 Be7 86. Rh8 1/2-1/2

[Event "XXVIII Balaton GM2"]
[Site "Heviz HUN"]
[Date "2010.06.26"]
[Round "8"]
[White "Bokros, A."]
[Black "Varga, Zo"]
[Result "1/2-1/2"]
[WhiteElo "2486"]
[BlackElo "2479"]
[PlyCount "61"]
[EventDate "2010.06.19"]

1. e4 c6 2. d4 d5 3. Nc3 dxe4 4. Nxe4 Bf5 5. Ng3 Bg6 6. Nf3 Nd7 7. h4 h6 8. h5
Bh7 9. Bd3 Bxd3 10. Qxd3 e6 11. Bf4 Qa5+ 12. Bd2 Qc7 13. O-O-O O-O-O 14. Kb1
Ngf6 15. Ne4 Nxe4 16. Qxe4 Nf6 17. Qe2 c5 18. Be3 Nd5 19. dxc5 Nxe3 20. Rxd8+
Kxd8 21. Qxe3 Bxc5 22. Qe2 Kc8 23. Ne5 Bd6 24. Nc4 Be7 25. Ne5 Bd6 26. Nc4 Be7
27. Rd1 Rd8 28. Rxd8+ Kxd8 29. Ne5 Bc5 30. Nd3 Bd4 31. c3 1/2-1/2

[Event "XXVIII Balaton GM2"]
[Site "Heviz HUN"]
[Date "2010.06.27"]
[Round "9"]
[White "Meszaros, T."]
[Black "Paschall, W."]
[Result "1-0"]
[WhiteElo "2434"]
[BlackElo "2397"]
[PlyCount "121"]
[EventDate "2010.06.19"]

1. e4 c5 2. Nf3 g6 3. d4 cxd4 4. Nxd4 Bg7 5. Nc3 Nc6 6. Be3 Nf6 7. Bc4 O-O 8.
Bb3 Qa5 9. O-O d6 10. h3 Bd7 11. Nf3 Rac8 12. Bg5 h6 13. Bd2 Qh5 14. Ne2 Ne5
15. Re1 Rfe8 16. Nf4 Nxf3+ 17. Kh1 Qg5 18. Qxf3 e5 19. Nd5 Qxd2 20. Nxf6+ Bxf6
21. Qxf6 Be6 22. Rad1 Qb4 23. c3 Qb6 24. Re3 Bxb3 25. Rxd6 Rc6 26. Rxc6 bxc6
27. axb3 Re6 28. Qh4 Kg7 29. b4 c5 30. bxc5 Qxb2 31. Rf3 Qb5 32. Qd8 Qxc5 33.
Qd5 Qc7 34. c4 Rf6 35. Rb3 h5 36. f3 Re6 37. Rb5 Kf6 38. Kh2 a6 39. Rc5 Qb8 40.
Rc6 Qe8 41. Rc7 Re7 42. c5 Rxc7 43. Qd6+ Qe6 44. Qxc7 Qc4 45. Qb6+ Kg7 46. Qd6
a5 47. Qxe5+ Kh7 48. Qd5 Qxd5 49. exd5 a4 50. d6 a3 51. d7 a2 52. d8=Q a1=Q 53.
Qe7 Qa2 54. c6 Qc4 55. c7 Qf4+ 56. Kg1 Qc1+ 57. Kf2 Qc4 58. h4 Qc2+ 59. Kg3 Qc4
60. Qd7 g5 61. Qf5+ 1-0

[Event "XXVIII Balaton GM2"]
[Site "Heviz HUN"]
[Date "2010.06.27"]
[Round "9"]
[White "Varga, Zo"]
[Black "Vajda, Le"]
[Result "1/2-1/2"]
[WhiteElo "2479"]
[BlackElo "2519"]
[PlyCount "63"]
[EventDate "2010.06.19"]

1. d4 d5 2. c4 e6 3. Nc3 Nf6 4. Bg5 Be7 5. e3 c6 6. Nf3 O-O 7. Rc1 Nbd7 8. a3
Re8 9. h3 Nf8 10. Bd3 Ng6 11. O-O dxc4 12. Bxc4 h6 13. Bxf6 Bxf6 14. Bd3 Nf8
15. Bb1 Be7 16. Ne4 Bd7 17. Qe2 Qc7 18. Ne5 f6 19. Nxd7 Qxd7 20. Rfd1 Rad8 21.
Ba2 Kh8 22. Qh5 Bd6 23. Nc5 Qe7 24. Ne4 Qd7 25. g3 Qe7 26. Kg2 a6 27. Rc2 Bb8
28. Rcd2 Ba7 29. Bb3 Rd7 30. Nc5 Rdd8 31. Ne4 Rd7 32. Nc5 1/2-1/2

[Event "XXVIII Balaton GM2"]
[Site "Heviz HUN"]
[Date "2010.06.27"]
[Round "9"]
[White "Horvath, Ad1"]
[Black "Bokros, A."]
[Result "1/2-1/2"]
[WhiteElo "2494"]
[BlackElo "2486"]
[PlyCount "59"]
[EventDate "2010.06.19"]

1. e4 c6 2. d4 d5 3. Nc3 dxe4 4. Nxe4 Bf5 5. Ng3 Bg6 6. h4 h6 7. Nf3 Nd7 8. h5
Bh7 9. Bd3 Bxd3 10. Qxd3 e6 11. Bf4 Qa5+ 12. Bd2 Qc7 13. O-O-O Ngf6 14. Ne4
Nxe4 15. Qxe4 Nf6 16. Qe2 O-O-O 17. Kb1 c5 18. dxc5 Bxc5 19. Ne5 Bd6 20. f4
Rhf8 21. g4 Nd7 22. Bc3 Nxe5 23. Bxe5 Bxe5 24. fxe5 Rxd1+ 25. Rxd1 Rd8 26.
Rxd8+ Kxd8 27. Qd3+ Ke8 28. Qd4 Ke7 29. Qb4+ Ke8 30. Qd4 1/2-1/2

[Event "XXVIII Balaton GM2"]
[Site "Heviz HUN"]
[Date "2010.06.27"]
[Round "9"]
[White "Hoelzl, F."]
[Black "Nadig, K."]
[Result "0-1"]
[WhiteElo "2325"]
[BlackElo "2236"]
[PlyCount "150"]
[EventDate "2010.06.19"]

1. c4 Nf6 2. Nc3 d5 3. cxd5 Nxd5 4. Nf3 g6 5. Qa4+ Bd7 6. Qc2 Nxc3 7. Qxc3 f6
8. e4 Nc6 9. Bc4 e5 10. O-O Bc5 11. d3 Qe7 12. Be3 O-O-O 13. Rac1 Kb8 14. Bd5
Bxe3 15. fxe3 Qb4 16. d4 Qxc3 17. bxc3 Rhf8 18. Rf2 Rde8 19. Bxc6 Bxc6 20. d5
Bd7 21. c4 f5 22. Rcf1 c6 23. exf5 gxf5 24. e4 Rf6 25. Nh4 cxd5 26. cxd5 f4 27.
Rb2 Ra6 28. Rfb1 b6 29. Nf3 Ra4 30. Re1 Kc7 31. Ng5 Re7 32. Rc2+ Kd6 33. Nf3
Bb5 34. h4 Rc4 35. Rb2 Be8 36. Nd2 Rc3 37. Rf1 Rec7 38. Rf2 b5 39. Rb3 Rxb3 40.
axb3 a5 41. Nf1 Rg7 42. g3 fxg3 43. Ra2 Rg4 44. Rxa5 Rxe4 45. Nxg3 Rg4 46. Kf2
Kxd5 47. Ra8 Bc6 48. Rd8+ Kc5 49. h5 Rf4+ 50. Ke1 Rf3 51. Nf1 Rh3 52. Rc8 Rxh5
53. b4+ Kd6 54. Ne3 Bd7 55. Rd8 Ke7 56. Rh8 Rh4 57. Kd2 Be6 58. Rb8 Rxb4 59.
Rb7+ Kf6 60. Rxh7 Rd4+ 61. Ke1 b4 62. Rb7 b3 63. Rb5 Re4 64. Kd2 Kg5 65. Rb6
Bf7 66. Rb7 Rf4 67. Rb5 Rd4+ 68. Kc3 Kf4 69. Ng2+ Ke4 70. Ne1 Bd5 71. Rb8 Rd1
72. Rb4+ Ke3 73. Rb5 Rxe1 74. Rxd5 Ke4 75. Rb5 Re3+ 0-1

[Event "XXVIII Balaton GM2"]
[Site "Heviz HUN"]
[Date "2010.06.27"]
[Round "9"]
[White "Czebe, A."]
[Black "Balog, I1."]
[Result "1/2-1/2"]
[WhiteElo "2480"]
[BlackElo "2494"]
[PlyCount "21"]
[EventDate "2010.06.19"]

1. e4 d5 2. exd5 Qxd5 3. d4 e5 4. dxe5 Qxe5+ 5. Qe2 Qe6 6. Qe3 Be7 7. Be2 Qd6
8. Qd3 Qe6 9. Qe3 Qd6 10. Qd3 Qe6 11. Qe3 1/2-1/2